000 00782nam a22002177a 4500
003 UA-OsUOA
001 77112
007 ta
008 20110901b un ||||| |||| 00| 0 ukr d
100 _aПшенышнюк И.А.
090 _a658
_bП93
942 _cSA
040 _aUA-OsUOA
_brus
_cUA-OsUOA
_dUA-OsUOA
245 _aСоциально-ответственный маркетинг как новейшее достижение философии бизнеса
300 _aС.7-18
955 _a0
041 _arus
080 _a658
773 0 _w77111
650 7 _a658 Управління торговельно-промисловою діяльністю. Бізнес-менеджмент. Економіка підприємств. Організація та
_2UDC
999 _c363417
_d363417